000 01096nam a2200313 a 4500
001 000022954
003 DO-SdBNP
005 20260420105857.0
008 101123s1997 mx a 001 0 spa d
020 _a9688809608
040 _aDO-SdBNP
_bspa
_cBNPHU
049 _aBNGR
082 _a519.5
_bM537p, 1997
100 1 _aMendenhall, William
_947200
245 1 0 _aProbabilidad y estadística para ingeniería y ciencias /
_cWilliam Mendenhall, Terry Sincich ; traducción de Roberto Escalona.
250 _a4a ed.
260 _aMéxico :
_bPrentice Hall,
_c1997.
300 _a1182 p. :
_bil. ;
_c26 cm.
500 _aIncluye índice.
504 _aIncluye referencias bibliográficas y notas al pie de las páginas.
650 0 _aEstadística matemática
_920984
650 4 _aIngeniería
_xMétodos estadísticos
_947201
650 0 _aEstadística
_xProblemas, ejercicios, etc.
_94647
650 0 _aEstadística matemática
_xProblemas, ejercicios, etc.
_920984
700 1 _aSincich, Terry
_947202
700 1 _aEscalona, Roberto,
_etr.
_96109
910 _aWM
942 _2ddc
_cLBS1
999 _c22451
_d22451